al-Qānūn al-jawwī al-duwalī wa-qānūn al-faḍāʼ / (Record no. 49513)

MARC details
000 -LEADER
fixed length control field 00911cam a22002411a 4500
001 - CONTROL NUMBER
control field ne 67000708
003 - CONTROL NUMBER IDENTIFIER
control field DLC
005 - DATE AND TIME OF LATEST TRANSACTION
control field 20260227111831.0
008 - FIXED-LENGTH DATA ELEMENTS--GENERAL INFORMATION
fixed length control field 850408s1966 ua 001 0 arar
010 ## - LIBRARY OF CONGRESS CONTROL NUMBER
LC control number ne 67000708
035 ## - SYSTEM CONTROL NUMBER
System control number (OCoLC)11894668
040 ## - CATALOGING SOURCE
Original cataloging agency DLC
Transcribing agency TxU-L
Modifying agency TxU-L
-- DLC
042 ## - AUTHENTICATION CODE
Authentication code premarc
050 00 - LIBRARY OF CONGRESS CALL NUMBER
Classification number JX5771
Item number .S5
100 1# - MAIN ENTRY--PERSONAL NAME
Personal name Shihata, Ibrahim F. I.,
Dates associated with a name 1937-
245 13 - TITLE STATEMENT
Title al-Qānūn al-jawwī al-duwalī wa-qānūn al-faḍāʼ /
Statement of responsibility, etc. Ibrāhīm Fahmī Ibrāhīm Shihatā.
260 ## - PUBLICATION, DISTRIBUTION, ETC.
Place of publication, distribution, etc. al-Qāhirah :
Name of publisher, distributor, etc. Dār al-Nahḍah al-ʻArabīyah,
Date of publication, distribution, etc. 1966.
300 ## - PHYSICAL DESCRIPTION
Extent 594, x p. :
Other physical details tables ;
Dimensions 24 cm.
500 ## - GENERAL NOTE
General note Added title page: International air and space law : a treatise in Arabic with an English translation of the table of contents / by Ibrahim F. I. Shihata.
504 ## - BIBLIOGRAPHY, ETC. NOTE
Bibliography, etc. note Includes bibliographical references and index.
650 #0 - SUBJECT ADDED ENTRY--TOPICAL TERM
Topical term or geographic name entry element Airspace (International law)
650 #0 - SUBJECT ADDED ENTRY--TOPICAL TERM
Topical term or geographic name entry element Space law.

No items available.

Powered by Koha